| 000 | 00612cam a2200217u 4500 | ||
|---|---|---|---|
| 001 | BD-DhSAU 7287 | ||
| 003 | BD-DhSAU | ||
| 005 | 20150521132932.0 | ||
| 008 | 821001s1947 -usac r 001 0 eng | ||
| 040 | _aBD-DhSAU | ||
| 082 |
_222 _a633.1 _bCRH |
||
| 100 | 1 |
_aCrabb, A. Richard _q(Alexander) _d1911- |
|
| 245 | 1 | 4 |
_aThe hybrid-corn makers : _bprophets of plenty / _cby A. Richard Crabb. |
| 260 |
_aNew Brunswick : _bRutgers Univ. Press, _cc1947. |
||
| 300 |
_axxv, 331 p. : _bill. ; _c22 cm. |
||
| 504 | _aIncludes index. | ||
| 590 | _ajoy | ||
| 650 | 0 | _aCorn. | |
| 650 | 0 | _aEconomics. | |
| 942 |
_2ddc _cBOOK |
||
| 999 |
_c7287 _d7287 |
||